[Event "Regionalliga SW 9900"]
[Site "Bayern"]
[Date "2000.??.??"]
[Round "4.1"]
[White "Reiter, Marcus"]
[Black "Kraenzle, Harald"]
[Result "1/2-1/2"]
[WhiteElo "2018"]
[BlackElo "2140"]
[PlyCount "85"]
[EventDate "1999.??.??"]
[EventType "team-tourn"]
[EventRounds "9"]
[EventCountry "GER"]
[SourceTitle "EXT 2020"]
[Source "ChessBase"]
[SourceDate "2019.10.17"]
[SourceVersion "1"]
[SourceVersionDate "2019.10.17"]
[SourceQuality "1"]
[WhiteTeam "Noerdlingen"]
[BlackTeam "Garching"]
[WhiteTeamCountry "GER"]
[BlackTeamCountry "GER"]

1. e4 d5 2. Nc3 Nf6 3. e5 d4 4. exf6 dxc3 5. fxg7 cxd2+ 6. Bxd2 Bxg7 7. Qf3 Nd7 8. 0-0-0 c6 9. Bc3 Bxc3 10. Qxc3 Rg8 11. Nf3 Qb6 12. Bc4 Nc5 13. Rhe1 Be6 14. Qe5 Nd7 15. Rxd7 Kxd7 16. Bxe6+ fxe6 17. Qxe6+ Kc7 18. Qxe7+ Kb8 19. Ne5 Qd8 20. Nd7+ Kc8 21. Qf7 Qg5+ 22. f4 Qg6 23. Qe7 Qg7 24. Nf6 Qxe7 25. Rxe7 Rd8 26. Rxh7 a5 27. a4 b5 28. g4 Rd4 29. f5 Rf4 30. h4 Ra6 31. Rg7 c5 32. Nd5 Rf1+ 33. Kd2 Rd6 34. Ke2 Rh1 35. Ne7+ Kd8 36. Kf3 Rxh4 37. axb5 Rh2 38. g5 Rxc2 39. Nc6+ Ke8 40. Nxa5 Rd3+ 41. Ke4 Rd4+ 42. Ke3 Rxb2 43. Rb7 1/2-1/2

[Event "Regionalliga SW 9899"]
[Site "Bayern"]
[Date "1999.??.??"]
[Round "7.1"]
[White "Glaser, Wolfgang"]
[Black "Reiter, Marcus"]
[Result "1/2-1/2"]
[WhiteElo "2130"]
[BlackElo "2018"]
[PlyCount "86"]
[EventDate "1998.??.??"]
[EventType "team-tourn"]
[EventRounds "9"]
[EventCountry "GER"]
[SourceTitle "EXT 2020"]
[Source "ChessBase"]
[SourceDate "2019.10.17"]
[SourceVersion "1"]
[SourceVersionDate "2019.10.17"]
[SourceQuality "1"]
[WhiteTeam "Lauingen"]
[BlackTeam "Noerdlingen"]
[WhiteTeamCountry "GER"]
[BlackTeamCountry "GER"]

1. e4 c5 2. Nf3 e6 3. d4 cxd4 4. Nxd4 a6 5. Bd3 Nc6 6. Nxc6 dxc6 7. 0-0 e5 8. f4 Nf6 9. f5 Qd4+ 10. Kh1 h5 11. c3 Qb6 12. Nd2 Ng4 13. Qf3 Bc5 14. g3 Qa7 15. b4 Be3 16. Nc4 Bxc1 17. Raxc1 b5 18. Nd6+ Ke7 19. Nxc8+ Raxc8 20. h3 Nf6 21. Kg2 Rc7 22. g4 hxg4 23. hxg4 Nh7 24. Rh1 f6 25. Qf2 Qxf2+ 26. Kxf2 Rcc8 27. c4 Kd7 28. cxb5 axb5 29. Bc2 Ng5 30. Ke3 Kc7 31. Bb3 Kb6 32. a4 bxa4 33. Bxa4 Rxh1 34. Rxh1 Ra8 35. Bc2 Ra3+ 36. Bd3 Rb3 37. Ra1 Rxb4 38. Ra8 c5 39. Rb8+ Kc6 40. Rc8+ Kd6 41. Rd8+ Kc6 42. Rc8+ Kd6 43. Rd8+ Kc6 1/2-1/2

[Event "Regionalliga SW 9899"]
[Site "Bayern"]
[Date "1999.??.??"]
[Round "4.1"]
[White "Kraenzle, Harald"]
[Black "Reiter, Marcus"]
[Result "0-1"]
[WhiteElo "2155"]
[BlackElo "2018"]
[PlyCount "106"]
[EventDate "1998.??.??"]
[EventType "team-tourn"]
[EventRounds "9"]
[EventCountry "GER"]
[SourceTitle "EXT 2020"]
[Source "ChessBase"]
[SourceDate "2019.10.17"]
[SourceVersion "1"]
[SourceVersionDate "2019.10.17"]
[SourceQuality "1"]
[WhiteTeam "Garching"]
[BlackTeam "Noerdlingen"]
[WhiteTeamCountry "GER"]
[BlackTeamCountry "GER"]

1. e4 Nc6 2. d4 e5 3. Nf3 exd4 4. Nxd4 Nf6 5. Nxc6 bxc6 6. Bd3 Bc5 7. e5 Nd5 8. Qg4 Kf8 9. 0-0 h5 10. Qa4 h4 11. Nd2 h3 12. g3 Nb6 13. Qe4 Bb7 14. Nb3 Be7 15. Qf3 Rb8 16. Be4 Nc4 17. Qf4 d5 18. Nd4 Kg8 19. Bd3 Nb6 20. Qg4 Qd7 21. Bf5 Qe8 22. e6 Bc8 23. Re1 c5 24. exf7+ Qxf7 25. Bxc8 Rxc8 26. Nf5 Bf6 27. Nh6+ Rxh6 28. Bxh6 Bxb2 29. Rab1 Bc3 30. Re2 Rf8 31. Bf4 d4 32. Qxh3 Qxa2 33. Qe6+ Qxe6 34. Rxe6 Nd5 35. Be5 Bb4 36. Rg6 Rf7 37. h4 Kh7 38. h5 a5 39. g4 Nc3 40. Ra1 Re7 41. f4 Nd5 42. g5 Bc3 43. Ra2 Bd2 44. Rc6 Nb4 45. Rxc5 Nxa2 46. Rd5 Nc3 47. Rd8 Ne2+ 48. Kf2 Bxf4 49. g6+ Kh6 50. Rh8+ Kg5 51. Bxg7 Rxg7 52. Kxe2 Re7+ 53. Kd3 Be5 0-1

[Event "Regionalliga SW 9899"]
[Site "Bayern"]
[Date "1998.??.??"]
[Round "1.1"]
[White "Reiter, Marcus"]
[Black "Waelzel, Helmut"]
[Result "1/2-1/2"]
[WhiteElo "2018"]
[BlackElo "2265"]
[PlyCount "34"]
[EventDate "1998.??.??"]
[EventType "team-tourn"]
[EventRounds "9"]
[EventCountry "GER"]
[SourceTitle "EXT 2020"]
[Source "ChessBase"]
[SourceDate "2019.10.17"]
[SourceVersion "1"]
[SourceVersionDate "2019.10.17"]
[SourceQuality "1"]
[WhiteTeam "Noerdlingen"]
[BlackTeam "Haar"]
[WhiteTeamCountry "GER"]
[BlackTeamCountry "GER"]

1. e4 e6 2. d4 d5 3. Nd2 Nc6 4. Ngf3 Nf6 5. Bd3 Nb4 6. 0-0 Nxd3 7. cxd3 Be7 8. Re1 dxe4 9. dxe4 0-0 10. a3 b6 11. b4 c5 12. bxc5 bxc5 13. Bb2 Bb7 14. Qa4 Qb6 15. Rab1 Qa6 16. Qxa6 Bxa6 17. dxc5 Bxc5 1/2-1/2

[Event "Regionalliga SW 9697"]
[Site "Bayern"]
[Date "1997.??.??"]
[Round "?"]
[White "Reiter, Marcus"]
[Black "Berndt, Axel"]
[Result "1/2-1/2"]
[WhiteElo "2080"]
[BlackElo "2235"]
[PlyCount "88"]
[EventDate "1996.10.??"]
[EventType "team-tourn"]
[EventRounds "9"]
[EventCountry "GER"]
[SourceTitle "EXT 1999"]
[Source "ChessBase"]
[SourceDate "1998.11.16"]
[SourceVersion "1"]
[SourceVersionDate "1998.11.16"]
[SourceQuality "1"]
[WhiteTeam "Noerdlingen"]
[BlackTeam "Sendling SC"]
[WhiteTeamCountry "GER"]
[BlackTeamCountry "GER"]

1. e4 Nf6 2. Nc3 d5 3. e5 Ne4 4. Nce2 f6 5. d4 c5 6. f3 Ng5 7. Bxg5 fxg5 8. h4 gxh4 9. Rxh4 e6 10. Rh1 Qb6 11. c3 cxd4 12. cxd4 Nc6 13. f4 Bd7 14. Nf3 0-0-0 15. Ng5 Bb4+ 16. Kf2 Rdf8 17. g3 h6 18. Nf3 g5 19. fxg5 Nxe5 20. Bg2 Nxf3 21. Bxf3 e5 22. Kg2 e4 23. Bh5 hxg5 24. Qc1+ Kb8 25. Qxg5 Bd6 26. Raf1 Bc6 27. Bg4 Rhg8 28. Rxf8+ Rxf8 29. Rh6 Qc7 30. Qg6 Bb4 31. a3 Bd2 32. Rh7 Qd8 33. Bf5 a6 34. g4 Rg8 35. Qf7 Be3 36. b4 Rf8 37. Qg7 Rg8 38. Qf7 Ka8 39. a4 Rf8 40. Qg7 Rg8 41. Qf7 Qf8 42. Be6 Qxf7 43. Rxf7 Rd8 44. Rf5 Bxa4 1/2-1/2

[Event "Regionalliga SW 9697"]
[Site "Bayern"]
[Date "1997.??.??"]
[Round "?"]
[White "Reiter, Marcus"]
[Black "Kuehn, Manfred"]
[Result "1-0"]
[WhiteElo "2080"]
[BlackElo "2160"]
[PlyCount "47"]
[EventDate "1996.10.??"]
[EventType "team-tourn"]
[EventRounds "9"]
[EventCountry "GER"]
[SourceTitle "EXT 1999"]
[Source "ChessBase"]
[SourceDate "1998.11.16"]
[SourceVersion "1"]
[SourceVersionDate "1998.11.16"]
[SourceQuality "1"]
[WhiteTeam "Noerdlingen"]
[BlackTeam "Garching"]
[WhiteTeamCountry "GER"]
[BlackTeamCountry "GER"]

1. e4 e6 2. d4 d5 3. Nd2 Be7 4. c3 dxe4 5. Nxe4 Nd7 6. Nf3 Ngf6 7. Bd3 0-0 8. 0-0 b6 9. Qe2 Bb7 10. Neg5 Bd6 11. Rd1 Qe7 12. Ne5 Rad8 13. Bc2 c5 14. Ngf3 cxd4 15. cxd4 h6 16. Ba4 Bxe5 17. dxe5 Bxf3 18. exf6 Qb4 19. Qxf3 Qxa4 20. fxg7 Kxg7 21. Bf4 e5 22. Qg4+ Kh7 23. Qf5+ Kg8 24. Bxh6 1-0

[Event "Regionalliga SW 9697"]
[Site "Bayern"]
[Date "1997.??.??"]
[Round "?"]
[White "Reiter, Marcus"]
[Black "Kugelmann, Werner"]
[Result "1/2-1/2"]
[WhiteElo "2080"]
[BlackElo "2120"]
[PlyCount "40"]
[EventDate "1996.10.??"]
[EventType "team-tourn"]
[EventRounds "9"]
[EventCountry "GER"]
[SourceTitle "EXT 1999"]
[Source "ChessBase"]
[SourceDate "1998.11.16"]
[SourceVersion "1"]
[SourceVersionDate "1998.11.16"]
[SourceQuality "1"]
[WhiteTeam "Noerdlingen"]
[BlackTeam "Lauingen"]
[WhiteTeamCountry "GER"]
[BlackTeamCountry "GER"]

1. e4 c5 2. Nf3 Nc6 3. Bb5 g6 4. 0-0 Bg7 5. c3 Nf6 6. Re1 0-0 7. d4 cxd4 8. cxd4 d6 9. h3 Bd7 10. Nc3 a6 11. Bf1 Rc8 12. Bg5 h6 13. Bxf6 Bxf6 14. e5 dxe5 15. dxe5 Bg7 16. Qb3 Na5 17. Qb4 b5 18. Nd4 Nc6 19. Nxc6 Rxc6 20. Rac1 Be6 1/2-1/2

[Event "Regionalliga SW 9697"]
[Site "Bayern"]
[Date "1997.??.??"]
[Round "?"]
[White "Rogobete, Nikolas Johann"]
[Black "Reiter, Marcus"]
[Result "1/2-1/2"]
[WhiteElo "2080"]
[BlackElo "2080"]
[PlyCount "102"]
[EventDate "1996.10.??"]
[EventType "team-tourn"]
[EventRounds "9"]
[EventCountry "GER"]
[SourceTitle "EXT 1999"]
[Source "ChessBase"]
[SourceDate "1998.11.16"]
[SourceVersion "1"]
[SourceVersionDate "1998.11.16"]
[SourceQuality "1"]
[WhiteTeam "Tuerkheim"]
[BlackTeam "Noerdlingen"]
[WhiteTeamCountry "GER"]
[BlackTeamCountry "GER"]

1. e4 c5 2. Nf3 e6 3. d4 cxd4 4. Nxd4 a6 5. c4 Nf6 6. Nc3 Bb4 7. Qd3 Qc7 8. Bd2 Nc6 9. Nxc6 dxc6 10. a3 Be7 11. Be2 e5 12. 0-0 0-0 13. Qg3 Kh8 14. Be3 Nxe4 15. Nxe4 f5 16. Bb6 Qxb6 17. Qxe5 fxe4 18. Qxe7 Bf5 19. Qb4 Qc7 20. c5 Rf6 21. Rad1 a5 22. Qc3 b6 23. b4 axb4 24. axb4 bxc5 25. bxc5 Raf8 26. Rd2 Rh6 27. Qg3 Qa5 28. Qe3 Qc7 29. g3 Rhf6 30. Rfd1 Be6 31. Rd6 Bd5 32. Rxf6 Rxf6 33. Ra1 Rf8 34. Qd4 Qf7 35. Bf1 h6 36. Bg2 Qf6 37. Qxf6 gxf6 38. Ra4 f5 39. Kf1 Kg7 40. Ke2 Kf6 41. g4 Rb8 42. gxf5 Kxf5 43. Ra3 Kf4 44. Rh3 Rb2+ 45. Ke1 Rb1+ 46. Kd2 Rb5 47. Rxh6 Rxc5 48. Rh3 Ra5 49. Rc3 Ra2+ 50. Rc2 Rxc2+ 51. Kxc2 e3 1/2-1/2

[Event "Regionalliga SW 9697"]
[Site "Bayern"]
[Date "1997.??.??"]
[Round "?"]
[White "Schlemmer, Hans"]
[Black "Reiter, Marcus"]
[Result "1/2-1/2"]
[WhiteElo "2150"]
[BlackElo "2080"]
[PlyCount "46"]
[EventDate "1996.10.??"]
[EventType "team-tourn"]
[EventRounds "9"]
[EventCountry "GER"]
[SourceTitle "EXT 1999"]
[Source "ChessBase"]
[SourceDate "1998.11.16"]
[SourceVersion "1"]
[SourceVersionDate "1998.11.16"]
[SourceQuality "1"]
[WhiteTeam "Obermenzing"]
[BlackTeam "Noerdlingen"]
[WhiteTeamCountry "GER"]
[BlackTeamCountry "GER"]

1. e4 Nc6 2. d4 e5 3. Nf3 exd4 4. Nxd4 Qh4 5. Nxc6 Qxe4+ 6. Be2 dxc6 7. 0-0 Qd5 8. Qe1 Be6 9. Nc3 Qd7 10. Bg5 Be7 11. Rd1 Qc8 12. Ne4 h6 13. Qc3 Kf8 14. Bf4 Nf6 15. Nxf6 Bxf6 16. Be5 Bxe5 17. Qxe5 f6 18. Qe4 Bd5 19. Qf4 h5 20. Bc4 Qg4 21. Qxg4 hxg4 22. Bxd5 cxd5 23. Rxd5 Re8 1/2-1/2

[Event "Budapest FS03 IM-A"]
[Site "Budapest"]
[Date "1994.??.??"]
[Round "1"]
[White "Reiter, Marcus"]
[Black "Hoang, Thanh Trang"]
[Result "0-1"]
[WhiteElo "2270"]
[BlackElo "2260"]
[PlyCount "130"]
[EventDate "1994.03.??"]
[EventType "tourn"]
[EventRounds "11"]
[EventCountry "HUN"]
[EventCategory "3"]
[SourceTitle "EXT 1997"]
[Source "ChessBase"]
[SourceDate "1996.11.15"]
[SourceVersion "1"]
[SourceVersionDate "1996.11.15"]
[SourceQuality "1"]

1. e4 e6 2. d4 d5 3. Nd2 c5 4. exd5 Qxd5 5. Ngf3 cxd4 6. Bc4 Qd6 7. 0-0 Nf6 8. Nb3 Nc6 9. Nbxd4 Nxd4 10. Qxd4 Qxd4 11. Nxd4 Be7 12. c3 0-0 13. a4 Bd7 14. Bb5 Rfd8 15. Nb3 a6 16. Bxd7 Rxd7 17. Be3 Nd5 18. Bd4 Rad8 19. a5 Bf6 20. Bc5 h6 21. Rab1 Be7 22. Bd4 Bf6 23. Bc5 Be7 24. Ba7 Ra8 25. Bd4 Rc8 26. Rfd1 Rcd8 27. g3 Nxc3 28. bxc3 e5 29. Rdc1 exd4 30. cxd4 Bg5 31. Rc2 Bf6 32. Nc5 Rxd4 33. Nxb7 Rb8 34. Rb6 Rd7 35. Nc5 Rd1+ 36. Kg2 Rc8 37. Rxa6 Be7 38. Rb6 Rxc5 39. Ra2 Rdd5 40. Rb8+ Kh7 41. Rb7 Bf6 42. Rxf7 Rxa5 43. Rxa5 Rxa5 44. Rd7 Ra2 45. h4 Kg6 46. Rd5 Kf7 47. Rd3 Rc2 48. Re3 Bd4 49. Rf3+ Ke6 50. Rf4 Ke5 51. Kf1 Rc6 52. Rf7 Ke4 53. Rf4+ Kd3 54. Rf3+ Kd2 55. Ra3 Rc1+ 56. Kg2 Rc2 57. Kf1 Rc1+ 58. Kg2 Ra1 59. Rb3 Ke2 60. Rb7 Ra2 61. f4 Ke3+ 62. Kh3 Rb2 63. Rd7 Rd2 64. Kg4 Kf2 65. Rc7 Kg2 0-1

[Event "Debrecen-A"]
[Site "Debrecen"]
[Date "1993.??.??"]
[Round "7"]
[White "Reiter, Marcus"]
[Black "Deak, Sandor"]
[Result "1/2-1/2"]
[WhiteElo "2275"]
[BlackElo "2385"]
[PlyCount "99"]
[EventDate "1993.??.??"]
[EventType "tourn"]
[EventRounds "9"]
[EventCountry "HUN"]
[EventCategory "4"]
[SourceTitle "EXT 2000"]
[Source "ChessBase"]
[SourceDate "1999.11.16"]
[SourceVersion "1"]
[SourceVersionDate "1999.11.16"]
[SourceQuality "1"]

1. e4 c5 2. Nc3 Nc6 3. g3 g6 4. Bg2 Bg7 5. d3 e6 6. Be3 d6 7. Qd2 Nge7 8. Bh6 0-0 9. h4 Bxh6 10. Qxh6 f6 11. Nge2 Rb8 12. Qd2 e5 13. f4 Bg4 14. Nd1 Qa5 15. Qxa5 Nxa5 16. Ne3 Bxe2 17. Kxe2 h6 18. h5 g5 19. fxg5 fxg5 20. Rhf1 Rxf1 21. Rxf1 Rf8 22. Rxf8+ Kxf8 23. Bh3 b6 24. Be6 Kg7 25. Nd5 Nac6 26. c3 Nxd5 27. exd5 Ne7 28. Kf3 Kf8 29. Ke4 Ke8 30. d4 exd4 31. cxd4 c4 32. Ke3 b5 33. Kd2 Kd8 34. Kc3 Kc7 35. a4 a6 36. a5 Kd8 37. g4 Ke8 38. Kb4 Kf8 39. Kc3 Kg7 40. Kb4 Kf6 41. Kc3 Kg7 42. Kb4 Kh7 43. Kc3 Kh8 44. Kb4 Kg7 45. Kc3 Kf6 46. Kb4 Nc6+ 47. dxc6 Kxe6 48. d5+ Ke7 49. Kc3 Kd8 50. Kb4 1/2-1/2

[Event "Debrecen-A"]
[Site "Debrecen"]
[Date "1993.??.??"]
[Round "3"]
[White "Reiter, Marcus"]
[Black "Ionescu, Constantin"]
[Result "1/2-1/2"]
[WhiteElo "2275"]
[BlackElo "2475"]
[PlyCount "35"]
[EventDate "1993.??.??"]
[EventType "tourn"]
[EventRounds "9"]
[EventCountry "HUN"]
[EventCategory "4"]
[SourceTitle "EXT 2000"]
[Source "ChessBase"]
[SourceDate "1999.11.16"]
[SourceVersion "1"]
[SourceVersionDate "1999.11.16"]
[SourceQuality "1"]

1. e4 c5 2. Nc3 e6 3. Nge2 a6 4. g3 b5 5. Bg2 Bb7 6. 0-0 Nf6 7. d3 d5 8. Bg5 d4 9. Bxf6 Qxf6 10. e5 Qe7 11. Ne4 Qc7 12. f4 Nc6 13. c3 dxc3 14. bxc3 Be7 15. Qc2 0-0 16. g4 h6 17. N2g3 Rfd8 18. Rad1 1/2-1/2

[Event "Debrecen-A"]
[Site "Debrecen"]
[Date "1993.??.??"]
[Round "5"]
[White "Reiter, Marcus"]
[Black "Videki, Sandor"]
[Result "0-1"]
[WhiteElo "2275"]
[BlackElo "2415"]
[PlyCount "56"]
[EventDate "1993.??.??"]
[EventType "tourn"]
[EventRounds "9"]
[EventCountry "HUN"]
[EventCategory "4"]
[SourceTitle "EXT 2000"]
[Source "ChessBase"]
[SourceDate "1999.11.16"]
[SourceVersion "1"]
[SourceVersionDate "1999.11.16"]
[SourceQuality "1"]

1. e4 c5 2. Nc3 Nc6 3. d3 g6 4. Be3 d6 5. d4 cxd4 6. Bxd4 Nf6 7. Bxf6 exf6 8. g3 Bg7 9. Qd2 0-0 10. 0-0-0 f5 11. Bg2 Qb6 12. Nge2 Qxf2 13. Nf4 Qb6 14. Qxd6 fxe4 15. Nfd5 Qa5 16. Bxe4 Be6 17. Qf4 Bxc3 18. Nxc3 Bxa2 19. Rd7 Be6 20. Rxb7 Rad8 21. Nb1 Nd4 22. Qe3 Bg4 23. Na3 Rfe8 24. Qf2 f5 25. Bd3 Bf3 26. Bc4+ Kh8 27. Rb5 Nxb5 28. Bxb5 Bxh1 0-1

[Event "Werfen op-A"]
[Site "Werfen"]
[Date "1992.??.??"]
[Round "3"]
[White "Piven, Igor"]
[Black "Reiter, Marcus"]
[Result "1-0"]
[WhiteElo "2320"]
[BlackElo "2305"]
[PlyCount "69"]
[EventDate "1992.08.??"]
[EventType "swiss"]
[EventRounds "9"]
[EventCountry "AUT"]
[SourceTitle "EXT 1997"]
[Source "ChessBase"]
[SourceDate "1996.11.15"]
[SourceVersion "1"]
[SourceVersionDate "1996.11.15"]
[SourceQuality "1"]

1. d4 d5 2. Nf3 Nf6 3. c4 c6 4. cxd5 cxd5 5. Nc3 Nc6 6. Bf4 e6 7. e3 Bd6 8. Bg3 0-0 9. Bd3 a6 10. Rc1 Qc7 11. Bh4 Nd7 12. 0-0 f5 13. a3 Nf6 14. Bxf6 Rxf6 15. b4 Qe7 16. Na4 Bd7 17. Nc5 Be8 18. g3 Bh5 19. Be2 Bxf3 20. Bxf3 g5 21. Re1 Rh6 22. Re2 Rf8 23. Qd3 Qf7 24. Rec2 f4 25. exf4 gxf4 26. Nxb7 Nxb4 27. Nxd6 Nxd3 28. Nxf7 Nxc1 29. Nxh6+ Kg7 30. Ng4 fxg3 31. Rxc1 Rxf3 32. Rc7+ Kg8 33. hxg3 Rxa3 34. Nf6+ Kf8 35. Nxh7+ 1-0